Danses sans voyelles - Statistiques

Statistiques générales
  • Ce quiz a été pris 87 fois
  • Le résultat moyen est 18 sur 20
Statistiques - réponses
Indices Réponses % Correct
FLMNC Flamenco
100%
CH-CH-CH Cha-cha-cha
98%
FRNCH CNCN French Cancan
98%
TNG Tango
98%
VLS Valse
96%
RCK Rock
95%
SMB Samba
95%
SLW Slow
95%
SLS Salsa
94%
TWST Twist
94%
QCKSTP Quickstep
93%
BRKDNC Breakdance
91%
RMB Rumba
89%
DSC Disco
86%
BG-WG Boogie-Woogie
84%
CHRLSTN Charleston
81%
BLLT Ballet
79%
MDSN Madison
79%
PS DBL Paso Doble
75%
PLK Polka
65%
Aucun quiz correspondant
Distribution des résultats
% des personnes avec chaque résultat
Percentile par nombre de réponses
Votre historique - résultats
Vous n’avez pas pris ce quiz